Boj o první místo /
Příběh třináctiletého Petra, ze kterého se stane díky skautské výchově vynikající a oblíbený vůdce třídy.
Uloženo v:
| Série: | Foglarovky,
část 5 |
|---|---|
| Hlavní autor: | |
| Další autoři: | , |
| Médium: | E-audiokniha |
| Jazyk: | Czech |
| Vydáno: |
Praha :
Albatros,
[2020]
|
| Témata: | |
| Příbuzné jednotky: | Z cyklu::
Foglarovky |
| Tagy: |
Žádné tagy |
| LEADER | 03651nim a2200757 i 4500 | ||
|---|---|---|---|
| 001 | 313109 | ||
| 003 | CZ PrSKC | ||
| 005 | 20260601215735.0 | ||
| 007 | sd fungnnmmned | ||
| 008 | 201002t20202020xr nnnnj f n cze | ||
| 015 | |a cnb003256778 | ||
| 024 | 3 | |a 8594050430846 | |
| 040 | |a ABA001 |b cze |e rda | ||
| 072 | 7 | |a 821.162.3-3 |x Česká próza |2 Konspekt | |
| 072 | 7 | |a 821-93 |x Literatura pro děti a mládež (beletrie) |2 Konspekt | |
| 080 | |a 821.162.3-31 |2 MRF | ||
| 080 | |a (0:82-311.3) |2 MRF | ||
| 080 | |a (086.7.053.2) |2 MRF | ||
| 080 | |a (086.7)08 |2 MRF | ||
| 080 | |a (086.76) |2 MRF | ||
| 100 | 1 | |a Foglar, Jaroslav, |d 1907-1999 |7 jk01031485 |4 aut | |
| 245 | 1 | 0 | |a Boj o první místo / |c Foglar |
| 264 | 1 | |a Praha : |b Albatros, |c [2020] | |
| 264 | 4 | |c ©2020 | |
| 300 | |a 1 audiodisk (3 hod., 57 min.) ; |c 12 cm | ||
| 306 | |a 035700 | ||
| 336 | |a mluvené slovo |b spw |2 rdacontent | ||
| 337 | |a audio |b s |2 rdamedia | ||
| 338 | |a audiodisk |b sd |2 rdacarrier | ||
| 344 | |a digital |b optical |2 rda | ||
| 347 | |a audio soubor |b MP3 |2 rda | ||
| 500 | |a Název z disku | ||
| 500 | |a Copyright Albatros Media | ||
| 500 | |a Nezkrácená audiokniha na mp3 CD | ||
| 508 | |a Režie Jiří Tušl | ||
| 511 | 0 | |a Čte Vojtěch Kotek | |
| 518 | |o Nahráno |d 2020 |p studio DAMU, Praha | ||
| 520 | 2 | |a Příběh třináctiletého Petra, ze kterého se stane díky skautské výchově vynikající a oblíbený vůdce třídy. | |
| 521 | 8 | |a Pro posluchače od 9 let | |
| 655 | 7 | |a české romány |7 fd133974 |2 czenas | |
| 655 | 7 | |a dobrodružné romány |7 fd132061 |2 czenas | |
| 655 | 7 | |a zvukové záznamy pro děti a mládež |7 fd186726 |2 czenas | |
| 655 | 7 | |a audioknihy |7 fd119452 |2 czenas | |
| 655 | 7 | |a kompaktní disky |7 fd201991 |2 czenas | |
| 700 | 1 | |a Tušl, Jiří, |d 1943- |7 kup19960000103438 |4 drt | |
| 700 | 1 | |a Kotek, Vojta, |d 1988- |7 js20050425010 |4 nrt | |
| 900 | |a ABA001 |b 18 | ||
| 044 | |a xr | ||
| 505 | 0 | 0 | |t Obavy Petra Solnara, První den (12 min., 45 sek.) |
| 505 | 0 | 0 | |t Co všechno se dá dělat s krabičkami od zápalek, Petr dostává nové oblečení (13 min., 19 sek.) |
| 505 | 0 | 0 | |t Tajemství dvou, Umrlčí maska (14 min., 29 sek.) |
| 505 | 0 | 0 | |t Petrův zápas s Rudou, Podivný obchod, Přátelství Rudy Lorence (25 min., 1 sek.) |
| 505 | 0 | 0 | |t Příchod Jiřího Cyrina, Odražený útok, Nový soupeř (11 min., 15 sek.) |
| 505 | 0 | 0 | |t Zkalená radost, Hokejový zápas, Změny (14 min., 52 sek.) |
| 505 | 0 | 0 | |t Vzor velkého Jerryho, Smrt ve třídě, Detektivní případ (15 min., 2 sek.) |
| 505 | 0 | 0 | |t Petrovo jaro, Výzva k rychlonohým chlapcům, Běh Napříč městem (20 min., 42 sek.) |
| 505 | 0 | 0 | |t Petr se chápe příležitosti, Domek za Západní bránou, Na schůzce (22 min., 10 sek.) |
| 505 | 0 | 0 | |t Družina Vlků, Nejkrásnější oblek pro chlapce, Poprvé v kroji, Petrova píseň (19 min., 0 sek.) |
| 505 | 0 | 0 | |t Na Zlatonosné říčce, Petrovo pozorování, Případ Oldřicha Tobiáše (18 min., 20 sek.) |
| 505 | 0 | 0 | |t Vzbouření, Výbor třídy, Náhoda odkryla špatný čin (19 min., 25 sek.) |
| 505 | 0 | 0 | |t Petrův třídní, Petr si volí spolupracovníky, Činnost třídního výboru (13 min., 53 sek.) |
| 505 | 0 | 0 | |t Petr slibuje na svou čest, Vítězství, Cesta k obzoru (16 min., 31 sek.) |
| 787 | 0 | 8 | |g 5 |i Z cyklu: |t Foglarovky |
| 910 | |a RBIT002 | ||
| 998 | |d 357260 |a https://core.palmknihy.cz/api/books/357260/cover?sia8tm |b https://core.palmknihy.cz/api/books/357260/cover/400?sia8tm |c https://core.palmknihy.cz/api/books/357260/cover/50?sia8tm |e 2030-12-31 |i 8594050430846 |l 14220 |q 49 |r 1 |s https://www.palmknihy.cz/kniha/357260 |t audiobook |y 2020 |z 0 |v Foglarovky |w 5 | ||
| 999 | |d 313107 | ||